[Event "La Pobla de Lillet op 33rd"]
[Site "La Pobla de Lillet"]
[Date "2024.08.02"]
[Round "1"]
[White "Ayza Ballester, Jordi"]
[Black "Rempe, Jonas"]
[Result "1-0"]
[WhiteElo "1989"]
[BlackElo "2187"]
[PlyCount "57"]
[EventDate "2024.08.02"]
[EventType "swiss"]
[EventRounds "9"]
[EventCountry "ESP"]
[SourceTitle "CBM 221 Extra"]
[Source "ChessBase"]
[SourceDate "2024.09.30"]
[SourceVersion "1"]
[SourceVersionDate "2024.09.30"]
[SourceQuality "1"]

1. e4 e5 2. Nf3 Nc6 3. Bc4 Nf6 4. d3 Be7 5. 0-0 0-0 6. Re1 d6 7. c3 Na5 8. Bb5 a6 9. Ba4 b5 10. Bc2 c5 11. Nbd2 Nc6 12. Nf1 h6 13. Ng3 Be6 14. a4 Rc8 15. axb5 axb5 16. h3 d5 17. exd5 Qxd5 18. Qe2 Nd7 19. Bd2 f5 20. Ra6 Kh7 21. Bb1 b4 22. d4 Ndb8 23. c4 Qxc4 24. Nxf5 Qxa6 25. Nxe7+ Kh8 26. Qe4 Bf5 27. Nxf5 Nd7 28. dxe5 Rce8 29. Ne7 1-0

[Event "Sunway Formentera op 2nd"]
[Site "Sant Ferran de ses Roques"]
[Date "2023.04.20"]
[Round "3"]
[White "Wagner, Bernd"]
[Black "Ayza Ballester, Jordi"]
[Result "1-0"]
[WhiteElo "2070"]
[BlackElo "2096"]
[PlyCount "117"]
[EventDate "2023.04.18"]
[EventType "swiss"]
[EventRounds "10"]
[EventCountry "ESP"]
[SourceTitle "CBM 213 Extra"]
[Source "ChessBase"]
[SourceDate "2023.05.31"]
[SourceVersion "1"]
[SourceVersionDate "2023.05.31"]
[SourceQuality "1"]

1. e4 c5 2. Nf3 g6 3. d4 cxd4 4. Nxd4 Nc6 5. Nc3 Bg7 6. Be3 Nf6 7. Nxc6 bxc6 8. e5 Ng8 9. Bd4 Qc7 10. e6 Nf6 11. exf7+ Kxf7 12. Bc4+ d5 13. Bb3 e5 14. Be3 Re8 15. 0-0 Kg8 16. Bg5 Kh8 17. Re1 Bf5 18. Qe2 h6 19. Bh4 Nh5 20. f3 Kh7 21. Qa6 Nf4 22. Bf2 Bc8 23. Qa4 Bd7 24. Qa6 Re6 25. Bc5 Rf6 26. Rad1 Ne6 27. Bf2 Bc8 28. Qe2 Rf7 29. Na4 a5 30. Nb6 Rb8 31. Nxc8 Rxc8 32. Qa6 Bf8 33. Qb6 Bd6 34. c4 d4 35. Qxc7 Bxc7 36. c5 Re7 37. Bxe6 Rxe6 38. Bxd4 Rce8 39. Bc3 Kg8 40. Rd7 R8e7 41. Rxe7 Rxe7 42. Re4 Kf7 43. Kf2 Ke6 44. f4 Kd5 45. Kf3 Kxc5 46. Bxe5 Kd5 47. Rd4+ Kc5 48. Ra4 Kb5 49. Re4 Bb6 50. Bd4 Rd7 51. Bxb6 Kxb6 52. g4 Rd2 53. Re2 Rd3+ 54. Ke4 Rd5 55. f5 gxf5+ 56. gxf5 Kc7 57. f6 Kd7 58. Kf4 Rb5 59. f7 1-0

[Event "Sitges Sunway op 8th"]
[Site "Sitges"]
[Date "2021.12.13"]
[Round "1"]
[White "Quintiliano Pinto, Renato Rodrigues"]
[Black "Ayza Ballester, Jordi"]
[Result "1-0"]
[WhiteElo "2466"]
[BlackElo "2113"]
[PlyCount "63"]
[EventDate "2021.12.13"]
[EventType "swiss"]
[EventRounds "10"]
[EventCountry "ESP"]
[SourceTitle "CBM 205 Extra"]
[Source "ChessBase"]
[SourceDate "2022.01.31"]
[SourceVersion "1"]
[SourceVersionDate "2022.01.31"]
[SourceQuality "1"]

1. d4 d5 2. c4 c6 3. Nc3 Nf6 4. e3 e6 5. b3 Nbd7 6. Bb2 b6 7. Bd3 Bb7 8. Nge2 Be7 9. 0-0 0-0 10. Ng3 c5 11. cxd5 cxd4 12. Nb5 Nxd5 13. Nxd4 N7f6 14. a3 Rc8 15. Qd2 Bd6 16. Rfe1 Ng4 17. h3 Ne5 18. Bc2 Ng6 19. Be4 Qe7 20. Nb5 Bb8 21. Rac1 Qh4 22. Bxg6 hxg6 23. Rxc8 Rxc8 24. e4 Nf4 25. Nd6 Rd8 26. Qc3 Qf6 27. Qxf6 gxf6 28. Nxb7 Rd7 29. Bxf6 Rxb7 30. Rd1 Bc7 31. Rd7 Nh5 32. Be5 1-0

[Event "La Pobla de Lillet op-A 29th"]
[Site "La Pobla de Lillet"]
[Date "2019.08.09"]
[Round "8"]
[White "Barcelo Sola, David"]
[Black "Ayza Ballester, Jordi"]
[Result "1/2-1/2"]
[WhiteElo "2029"]
[BlackElo "2181"]
[PlyCount "67"]
[EventDate "2019.08.02"]
[EventType "swiss"]
[EventRounds "9"]
[EventCountry "ESP"]
[SourceTitle "EXT 2022"]
[Source "ChessBase"]
[SourceDate "2021.10.06"]
[SourceVersion "1"]
[SourceVersionDate "2021.10.06"]
[SourceQuality "1"]

1. e4 c5 2. Nf3 Nc6 3. Bb5 Qc7 4. Nc3 e6 5. Bxc6 Qxc6 6. d4 cxd4 7. Nxd4 Qc7 8. 0-0 a6 9. Qf3 Nf6 10. Bg5 Be7 11. Rfe1 d6 12. Rad1 0-0 13. Qg3 b5 14. a3 Bb7 15. f4 Rfe8 16. Re3 Nd7 17. Bxe7 Rxe7 18. Qh4 Ree8 19. Kh1 Qd8 20. Qg3 Nf6 21. f5 Qe7 22. Qe1 Rac8 23. h3 Nd7 24. Qg3 Ne5 25. b3 Rc5 26. Rf1 Kh8 27. fxe6 fxe6 28. Nf3 Nd7 29. Rd1 e5 30. Nh4 Rxc3 31. Rxc3 Bxe4 32. Rc7 Qe6 33. Qg4 Qxg4 34. hxg4 1/2-1/2

[Event "La Pobla de Lillet op-A 28th"]
[Site "La Pobla de Lillet"]
[Date "2018.08.05"]
[Round "5"]
[White "Renteria Becerra, Jorge Elicer"]
[Black "Ayza Ballester, Jordi"]
[Result "1/2-1/2"]
[WhiteElo "2280"]
[BlackElo "2198"]
[PlyCount "49"]
[EventDate "2018.08.01"]
[EventType "swiss"]
[EventRounds "9"]
[EventCountry "ESP"]
[SourceTitle "CBM 185 Extra"]
[Source "ChessBase"]
[SourceDate "2018.07.29"]
[SourceVersion "1"]
[SourceVersionDate "2018.07.29"]
[SourceQuality "1"]

1. e4 c5 2. Nf3 Nc6 3. d4 cxd4 4. Nxd4 g6 5. Nc3 Bg7 6. Be3 Nf6 7. Bc4 Qa5 8. 0-0 0-0 9. Bb3 d6 10. h3 Nxd4 11. Bxd4 e6 12. Qf3 Ne8 13. Bxg7 Kxg7 14. Ba4 Nf6 15. Rad1 Qb4 16. Bb3 Bd7 17. Qe3 Bc6 18. e5 dxe5 19. Qxe5 Rfd8 20. g4 h6 21. f4 Qb6+ 22. Rf2 Rxd1+ 23. Nxd1 Qd8 24. c3 Kh7 25. Bc2 1/2-1/2

[Event "La Pobla de Lillet op 27th"]
[Site "La Pobla de Lillet"]
[Date "2017.??.??"]
[Round "8"]
[White "Povill Claros, Laura"]
[Black "Ayza Ballester, Jordi"]
[Result "0-1"]
[WhiteElo "1779"]
[BlackElo "2204"]
[PlyCount "92"]
[EventDate "2017.08.01"]
[EventType "swiss"]
[EventRounds "9"]
[EventCountry "ESP"]
[SourceTitle "CBM 179 Extra"]
[Source "ChessBase"]
[SourceDate "2017.08.23"]
[SourceVersion "1"]
[SourceVersionDate "2017.08.23"]
[SourceQuality "1"]

1. e4 c5 2. Nf3 Nc6 3. Bb5 Qc7 4. 0-0 e6 5. Re1 d6 6. c3 Nf6 7. d4 Bd7 8. Nbd2 Be7 9. Nb3 e5 10. d5 Nb8 11. Bxd7+ Nbxd7 12. c4 h6 13. Nbd2 0-0-0 14. Rb1 g5 15. h3 g4 16. hxg4 Nxg4 17. Nh2 Nxh2 18. Kxh2 Rdg8 19. Nf1 Bh4 20. g3 Bg5 21. Bxg5 hxg5+ 22. Kg2 Nf6 23. Qf3 Qe7 24. Ne3 Kb8 25. Nf5 Qc7 26. b4 Ne8 27. Qb3 Ng7 28. bxc5 Nxf5 29. exf5 dxc5 30. Rxe5 f6 31. Ree1 Rh7 32. Rh1 Rgh8 33. Rxh7 Qxh7 34. Qb5 a6 35. Qb3 Qh3+ 36. Kf3 Qxf5+ 37. Kg2 Qe4+ 38. f3 Qe2+ 39. Kg1 Rh7 40. g4 Qh2+ 41. Kf1 Qg3 42. Rb2 Rh1+ 43. Ke2 Qe5+ 44. Kd2 Rh2+ 45. Kc1 Qe1+ 46. Qd1 Qc3+ 0-1

[Event "La Pobla de Lillet op 26th"]
[Site "La Pobla de Lillet"]
[Date "2016.08.07"]
[Round "6.5"]
[White "Sanpera Bonet, Juan Carlos"]
[Black "Ayza Ballester, Jordi"]
[Result "1/2-1/2"]
[WhiteElo "2074"]
[BlackElo "2168"]
[PlyCount "37"]
[EventDate "2016.08.02"]
[EventType "swiss"]
[EventRounds "9"]
[EventCountry "ESP"]
[SourceTitle "EXT 2024"]
[Source "ChessBase"]
[SourceDate "2023.10.10"]
[SourceVersion "1"]
[SourceVersionDate "2023.10.10"]
[SourceQuality "1"]

1. e4 c5 2. a3 g6 3. b4 Bg7 4. Nc3 d6 5. Nf3 Nf6 6. Rb1 0-0 7. d4 cxd4 8. Nxd4 Nc6 9. Bb2 Nxd4 10. Qxd4 Be6 11. Be2 a5 12. Qd2 axb4 13. axb4 Qb6 14. 0-0 Rfc8 15. Nd5 Nxd5 16. Bxg7 Kxg7 17. exd5 Bf5 18. Rb2 Rc7 19. c4 1/2-1/2

[Event "La Pobla de Lillet op 26th"]
[Site "La Pobla de Lillet"]
[Date "2016.08.02"]
[Round "1.9"]
[White "Arias Castanedo, Jacinto"]
[Black "Ayza Ballester, Jordi"]
[Result "0-1"]
[WhiteElo "1896"]
[BlackElo "2168"]
[PlyCount "92"]
[EventDate "2016.08.02"]
[EventType "swiss"]
[EventRounds "9"]
[EventCountry "ESP"]
[SourceTitle "EXT 2024"]
[Source "ChessBase"]
[SourceDate "2023.10.10"]
[SourceVersion "1"]
[SourceVersionDate "2023.10.10"]
[SourceQuality "1"]

1. Nf3 c5 2. b3 b6 3. Bb2 Bb7 4. e3 e6 5. d4 cxd4 6. Nxd4 Nf6 7. Nd2 Be7 8. N2f3 0-0 9. Bd3 Nc6 10. Nxc6 Bxc6 11. 0-0 d6 12. Qe2 Ne4 13. Nd4 Bb7 14. c4 Rc8 15. Nb5 a6 16. Nc3 Nf6 17. Rfc1 Qc7 18. Na4 Bc6 19. Nc3 Qb7 20. e4 Rfe8 21. f3 Nd7 22. Qf1 Bf6 23. Rab1 b5 24. cxb5 axb5 25. Kh1 Rb8 26. Rc2 Nc5 27. Be2 Na6 28. a3 Nc5 29. b4 Nd7 30. Nd1 Bxb2 31. Rbxb2 d5 32. exd5 exd5 33. Qf2 Ne5 34. Rb3 Nc4 35. Kg1 Ra8 36. Rcc3 Re7 37. Bxc4 bxc4 38. Rb2 Rae8 39. Re3 d4 40. Rxe7 Qxe7 41. h3 c3 42. Nxc3 dxc3 43. Rc2 Qe5 44. Qf1 Ba4 45. Rc1 c2 46. Qd3 Qe1+ 0-1

[Event "La Pobla de Lillet op 25th"]
[Site "La Pobla de Lillet"]
[Date "2015.08.02"]
[Round "2.7"]
[White "Ayza Ballester, Jordi"]
[Black "Vinals Rioja, Jaume"]
[Result "0-1"]
[WhiteElo "2211"]
[BlackElo "2018"]
[PlyCount "100"]
[EventDate "2015.08.01"]
[EventType "swiss"]
[EventRounds "9"]
[EventCountry "ESP"]
[SourceTitle "EXT 2024"]
[Source "ChessBase"]
[SourceDate "2023.10.10"]
[SourceVersion "1"]
[SourceVersionDate "2023.10.10"]
[SourceQuality "1"]

1. e4 c5 2. Nf3 d6 3. d4 cxd4 4. Nxd4 Nf6 5. Nc3 g6 6. Be3 Bg7 7. Be2 Nc6 8. 0-0 0-0 9. h3 Re8 10. Qd2 Nxd4 11. Bxd4 Be6 12. f4 Rc8 13. Bf3 Qa5 14. Rf2 Qb4 15. Nd1 Qxd2 16. Rxd2 b6 17. a4 Nd7 18. Bxg7 Kxg7 19. Ne3 Nf6 20. g4 Rc7 21. g5 Nd7 22. Bg2 f6 23. h4 Rc5 24. Rf1 Rec8 25. Rff2 Ra5 26. b3 b5 27. f5 Bf7 28. axb5 Rxb5 29. Ng4 Rb6 30. fxg6 Bxg6 31. gxf6+ Nxf6 32. Nxf6 exf6 33. Rd4 Rbc6 34. c4 Rb6 35. Rd3 Rcb8 36. Rff3 Kf7 37. Rfe3 Ke7 38. Bf3 a5 39. Bd1 Rb4 40. Rd5 a4 41. bxa4 Rxc4 42. h5 Rxe4 43. Red3 Re1+ 44. Kf2 Bxd3 45. Kxe1 Be4 46. Ra5 Rb2 47. Bg4 d5 48. Ra6 f5 49. Be2 f4 50. Bg4 f3 0-1

[Event "La Pobla de Lillet op 25th"]
[Site "La Pobla de Lillet"]
[Date "2015.08.01"]
[Round "1.8"]
[White "Martin Perez, Pau"]
[Black "Ayza Ballester, Jordi"]
[Result "0-1"]
[WhiteElo "1882"]
[BlackElo "2211"]
[PlyCount "112"]
[EventDate "2015.08.01"]
[EventType "swiss"]
[EventRounds "9"]
[EventCountry "ESP"]
[SourceTitle "EXT 2024"]
[Source "ChessBase"]
[SourceDate "2023.10.10"]
[SourceVersion "1"]
[SourceVersionDate "2023.10.10"]
[SourceQuality "1"]

1. e4 c5 2. Nf3 e6 3. d3 g6 4. g3 Bg7 5. Bg2 Ne7 6. 0-0 0-0 7. c3 b6 8. Nbd2 Ba6 9. Nb3 Bb7 10. Re1 d6 11. d4 Nd7 12. dxc5 dxc5 13. a4 Qc7 14. c4 Rfd8 15. Qc2 Nc6 16. Bf4 e5 17. Bd2 Nf8 18. Rad1 Ne6 19. Re2 Rac8 20. Ree1 Ncd4 21. Nbxd4 cxd4 22. b3 a6 23. Bb4 Bf8 24. Bxf8 Rxf8 25. Qe2 Nc5 26. Nd2 Bc6 27. h4 Rb8 28. h5 b5 29. hxg6 hxg6 30. axb5 axb5 31. Bf1 Rfd8 32. Qg4 Kg7 33. b4 Na4 34. c5 Nc3 35. Ra1 Ra8 36. Bd3 Ra2 37. Rxa2 Nxa2 38. Rb1 Ra8 39. f4 exf4 40. gxf4 Ra3 41. Bc2 Re3 42. Rb3 Nc3 43. Nf3 Bxe4 44. Nxd4 Bxc2 45. Nxc2 Ne2+ 46. Kf2 Rxb3 47. Kxe2 Qd8 48. Ne1 Qe8+ 49. Kf1 Rxb4 50. Qg5 Rb1 51. Qg3 Rxe1+ 52. Qxe1 Qxe1+ 53. Kxe1 Kf6 54. Kd2 Ke6 55. Kc3 Kd5 56. Kb4 Kc6 0-1

[Event "La Pobla de Lillet op 24th"]
[Site "La Pobla de Lillet"]
[Date "2014.08.09"]
[Round "8"]
[White "Tejero Royo, Fermin"]
[Black "Ayza Ballester, Jordi"]
[Result "0-1"]
[WhiteElo "2052"]
[BlackElo "2212"]
[PlyCount "86"]
[EventDate "2014.08.02"]
[EventType "swiss"]
[EventRounds "9"]
[EventCountry "ESP"]
[SourceTitle "EXT 2017"]
[Source "ChessBase"]
[SourceDate "2016.10.25"]
[SourceVersion "1"]
[SourceVersionDate "2016.10.25"]
[SourceQuality "1"]

1. d4 d5 2. Nf3 Nf6 3. g3 Bf5 4. Bg2 h6 5. 0-0 e6 6. c4 c6 7. Nc3 Bd6 8. Nd2 Bb4 9. Re1 0-0 10. Qb3 Qe7 11. c5 Ba5 12. f4 b6 13. cxb6 axb6 14. Nf3 c5 15. e3 Nc6 16. a3 Be4 17. Ne5 Rfc8 18. Bf1 cxd4 19. Nxc6 Rxc6 20. exd4 Ne8 21. Be3 Nd6 22. Rec1 Rac8 23. Bf2 Bxc3 24. Rxc3 Rxc3 25. bxc3 Qc7 26. Be1 Nc4 27. Ra2 Qd6 28. Qb4 Qd8 29. Qb5 g5 30. Bg2 Bxg2 31. Kxg2 Ra8 32. a4 Qf6 33. Rf2 Qf5 34. fxg5 Qe4+ 35. Kf1 hxg5 36. Qd7 Rf8 37. Bd2 Nxd2+ 38. Rxd2 Qh7 39. Ke2 Qxh2+ 40. Kd1 Qxg3 41. Qe7 Kg7 42. Kc2 Rh8 43. Kb2 Qf4 0-1

[Event "La Pobla de Lillet op 24th"]
[Site "La Pobla de Lillet"]
[Date "2014.08.07"]
[Round "6"]
[White "Garcia Castellote, Oscar"]
[Black "Ayza Ballester, Jordi"]
[Result "0-1"]
[WhiteElo "2058"]
[BlackElo "2212"]
[PlyCount "92"]
[EventDate "2014.08.02"]
[EventType "swiss"]
[EventRounds "9"]
[EventCountry "ESP"]
[SourceTitle "EXT 2017"]
[Source "ChessBase"]
[SourceDate "2016.10.25"]
[SourceVersion "1"]
[SourceVersionDate "2016.10.25"]
[SourceQuality "1"]

1. e4 c5 2. d3 Nc6 3. g3 d6 4. Bg2 g6 5. f4 Bg7 6. Nf3 e6 7. 0-0 Nge7 8. c3 0-0 9. Be3 Rb8 10. d4 f5 11. e5 dxe5 12. dxe5 b6 13. Na3 Ba6 14. Qxd8 Rfxd8 15. Rfd1 h6 16. Bf1 Bxf1 17. Kxf1 Rxd1+ 18. Rxd1 Rd8 19. Rxd8+ Nxd8 20. c4 Nec6 21. Nb5 Bf8 22. Ke2 Be7 23. h4 Kg7 24. b3 Kf7 25. Kd2 Ke8 26. Ke2 Kd7 27. Kd2 Nf7 28. Bf2 g5 29. hxg5 hxg5 30. Ke2 a6 31. Nc3 gxf4 32. gxf4 Nh6 33. Kd3 Nf7 34. Na4 Kc7 35. Nc3 Nh8 36. a3 Ng6 37. Bg3 Na5 38. Nd2 Bf8 39. Ke3 Bh6 40. Kf3 Nc6 41. Ne2 Ngxe5+ 42. Ke3 Ng6 43. Kf2 e5 44. Ke3 Nd4 45. Nxd4 cxd4+ 46. Kf3 Bxf4 0-1

[Event "Barcelona Sants op 15th"]
[Site "Barcelona"]
[Date "2013.08.24"]
[Round "2"]
[White "Ayza Ballester, Jordi"]
[Black "Cabrera Pino, Alexis"]
[Result "0-1"]
[WhiteElo "2217"]
[BlackElo "2529"]
[PlyCount "70"]
[EventDate "2013.08.23"]
[EventType "swiss"]
[EventRounds "10"]
[EventCountry "ESP"]
[SourceTitle "EXT 2014"]
[Source "ChessBase"]
[SourceDate "2013.11.20"]
[SourceVersion "1"]
[SourceVersionDate "2013.11.20"]
[SourceQuality "1"]

1. e4 c5 2. Nf3 d6 3. d4 cxd4 4. Nxd4 Nf6 5. Nc3 a6 6. Bd3 g6 7. Bg5 Bg7 8. Qd2 h6 9. Bh4 g5 10. Bg3 Nh5 11. Nde2 Nc6 12. f3 Nxg3 13. Nxg3 Qa5 14. 0-0 Be6 15. Kh1 Rc8 16. Nh5 Bxc3 17. bxc3 Nd8 18. f4 gxf4 19. Nxf4 Qxc3 20. Qf2 Qc5 21. Qf3 Qe5 22. Nxe6 Qxe6 23. e5 Qxe5 24. Rae1 Qg5 25. Qh3 Rc5 26. Re3 Re5 27. Ref3 e6 28. R3f2 Rg8 29. Qf3 Rg7 30. Qf6 Ra5 31. Rf3 Rxa2 32. Rg3 Qe5 33. Re3 Qb2 34. Qf4 Ra1 35. Qxd6 Qxc2 0-1

[Event "La Pobla de Lillet op 23rd"]
[Site "La Pobla de Lillet"]
[Date "2013.08.03"]
[Round "2"]
[White "Gamisans Fabregas, Joan"]
[Black "Ayza Ballester, Jordi"]
[Result "1/2-1/2"]
[WhiteElo "1978"]
[BlackElo "2217"]
[PlyCount "87"]
[EventDate "2013.08.02"]
[EventType "swiss"]
[EventRounds "9"]
[EventCountry "ESP"]
[SourceTitle "EXT 2014"]
[Source "ChessBase"]
[SourceDate "2013.11.20"]
[SourceVersion "1"]
[SourceVersionDate "2013.11.20"]
[SourceQuality "1"]

1. f4 d5 2. Nf3 c5 3. e3 Nc6 4. Bb5 Bd7 5. b3 Nf6 6. Bb2 e6 7. 0-0 a6 8. Bxc6 Bxc6 9. Ne5 Qc7 10. d3 0-0-0 11. Nxc6 Qxc6 12. Nd2 Ne8 13. Qe2 Kb8 14. e4 Nd6 15. Nf3 dxe4 16. Ne5 Qc7 17. dxe4 f6 18. Nc4 Nxc4 19. Qxc4 Qc6 20. Rad1 Be7 21. a4 Rhg8 22. Qe2 c4 23. Qxc4 Qxc4 24. bxc4 Rxd1 25. Rxd1 Rc8 26. Rd7 Rc7 27. Rxc7 Kxc7 28. Bd4 Kc6 29. Kf1 Bd6 30. e5 Bc5 31. c3 f5 32. Ke2 Ba3 33. Kd1 Be7 34. Ke2 g5 35. g3 gxf4 36. gxf4 Kd7 37. Bf2 Ke8 38. Kf3 Kf7 39. Kg3 Kg6 40. Kf3 Kh5 41. Be1 Ba3 42. Kg3 Be7 43. Kf3 Ba3 44. Kg3 1/2-1/2

[Event "Sabadell op-A 5th"]
[Site "Sabadell"]
[Date "2012.09.05"]
[Round "7"]
[White "Perez Mitjans, Orelvis"]
[Black "Ayza Ballester, Jordi"]
[Result "1-0"]
[WhiteElo "2504"]
[BlackElo "2208"]
[PlyCount "63"]
[EventDate "2012.08.30"]
[EventType "swiss"]
[EventRounds "9"]
[EventCountry "ESP"]
[SourceTitle "CBM 150 Extra"]
[Source "ChessBase"]
[SourceDate "2012.10.19"]
[SourceVersion "1"]
[SourceVersionDate "2012.10.19"]
[SourceQuality "1"]

1. e4 c5 2. Nf3 e6 3. c3 Nf6 4. Bd3 Nc6 5. 0-0 Be7 6. Re1 a6 7. Bc2 d6 8. d4 e5 9. d5 Nb8 10. h3 0-0 11. a4 Ne8 12. Nbd2 g6 13. a5 Ng7 14. Nc4 Nd7 15. b4 cxb4 16. cxb4 f5 17. Bh6 f4 18. Bd3 g5 19. Nh2 Qe8 20. Rc1 Qg6 21. Bxg7 Kxg7 22. Be2 Rb8 23. Bh5 Qh6 24. Bf3 Kh8 25. Re2 Rg8 26. Rec2 b5 27. axb6 Nf6 28. Na5 g4 29. hxg4 Qh4 30. Nc6 Bxg4 31. Nxe7 Bxf3 32. Qxf3 1-0

[Event "La Pobla de Lillet op 21st"]
[Site "La Pobla de Lillet"]
[Date "2011.08.08"]
[Round "7"]
[White "Panelo Munoz, Marcelo A"]
[Black "Ayza Ballester, Jordi"]
[Result "1-0"]
[WhiteElo "2413"]
[BlackElo "2192"]
[PlyCount "39"]
[EventDate "2011.08.02"]
[EventType "swiss"]
[EventRounds "9"]
[EventCountry "ESP"]
[SourceTitle "EXT 2015"]
[Source "ChessBase"]
[SourceDate "2014.11.20"]
[SourceVersion "1"]
[SourceVersionDate "2014.11.20"]
[SourceQuality "1"]

1. d4 d5 2. c4 dxc4 3. e3 Nf6 4. Bxc4 a6 5. Nf3 b5 6. Bb3 Bb7 7. a4 b4 8. Nbd2 e6 9. 0-0 Nbd7 10. Re1 c5 11. e4 cxd4 12. e5 Nd5 13. Ne4 Be7 14. Bg5 Nxe5 15. Nxe5 Bxg5 16. Nxf7 Kxf7 17. Qh5+ Kg8 18. Nxg5 Qe8 19. Qg4 h5 20. Qxd4 1-0

[Event "Catalunya-chT"]
[Site "Barcelona"]
[Date "2011.03.26"]
[Round "9.6"]
[White "Ubach Miralda, Marcelo"]
[Black "Ayza Ballester, Jordi"]
[Result "1-0"]
[WhiteElo "2261"]
[BlackElo "2213"]
[PlyCount "77"]
[EventDate "2011.01.29"]
[EventType "team-tourn"]
[EventRounds "11"]
[EventCountry "ESP"]
[SourceTitle "EXT 2012"]
[Source "ChessBase"]
[SourceDate "2011.11.24"]
[SourceVersion "1"]
[SourceVersionDate "2011.11.24"]
[SourceQuality "1"]
[WhiteTeam "Terrassa"]
[BlackTeam "Barcelona"]
[WhiteTeamCountry "ESP"]
[BlackTeamCountry "ESP"]

1. e4 c5 2. Nc3 Nc6 3. Nge2 g6 4. d4 cxd4 5. Nxd4 Bg7 6. Be3 Nf6 7. Nxc6 bxc6 8. e5 Nd5 9. Nxd5 cxd5 10. Qxd5 Rb8 11. Bxa7 Rxb2 12. Bd4 Rb8 13. Bc4 0-0 14. 0-0 Bb7 15. Qc5 Rc8 16. Qb4 Qc7 17. Bb3 Rfe8 18. Rad1 Bc6 19. Rfe1 Rb8 20. Qc3 e6 21. Qe3 Rec8 22. f3 Qa5 23. Re2 Bb5 24. Red2 Bf8 25. h3 Qa3 26. Kh2 Rb7 27. f4 Rbc7 28. g4 Bc4 29. Bxc4 Qxe3 30. Bxe3 Rxc4 31. Rxd7 Re4 32. R1d3 Rxc2+ 33. Kg3 Rxa2 34. Rd8 Kg7 35. Re8 Rc4 36. Rdd8 Ra3 37. Rxf8 Rxe3+ 38. Kh4 Rxf4 39. Kg5 1-0

[Event "Catalunya-chT"]
[Site "Barcelona"]
[Date "2011.02.26"]
[Round "5"]
[White "Ayza Ballester, Jordi"]
[Black "Garcia Cano, Antonio"]
[Result "1/2-1/2"]
[WhiteElo "2213"]
[BlackElo "2287"]
[PlyCount "101"]
[EventDate "2011.01.29"]
[EventType "team-tourn"]
[EventRounds "11"]
[EventCountry "ESP"]
[SourceTitle "EXT 2012"]
[Source "ChessBase"]
[SourceDate "2011.11.24"]
[SourceVersion "1"]
[SourceVersionDate "2011.11.24"]
[SourceQuality "1"]
[WhiteTeam "Barcelona"]
[BlackTeam "Montcada"]
[WhiteTeamCountry "ESP"]
[BlackTeamCountry "ESP"]

1. e4 e5 2. Nf3 d6 3. d4 exd4 4. Nxd4 g6 5. Nc3 Bg7 6. Be3 Nf6 7. Be2 0-0 8. Qd2 Re8 9. Bg5 Nc6 10. Nxc6 bxc6 11. 0-0-0 Rb8 12. f3 Qe7 13. Bh6 Bxh6 14. Qxh6 d5 15. Rd4 Be6 16. Ra4 Rb4 17. Rxb4 Qxb4 18. Qf4 Nh5 19. Qxc7 d4 20. Nd1 c5 21. a3 Qa4 22. Qxc5 Rc8 23. Bb5 Qa5 24. Qb4 Qc7 25. Qd2 Bb3 26. c3 Bxd1 27. Rxd1 dxc3 28. bxc3 Qa5 29. c4 Qxb5 30. Qd8+ Qe8 31. Qxe8+ Rxe8 32. Rd7 Rc8 33. Rxa7 Rxc4+ 34. Kd2 Nf4 35. g3 Ne6 36. Kd3 Rc1 37. f4 Kg7 38. a4 Rh1 39. f5 Nd8 40. g4 Rxh2 41. e5 Rh1 42. e6 Re1 43. Kd2 Re5 44. Rd7 Nxe6 45. fxe6 Rxe6 46. Rd4 Re5 47. Rb4 h6 48. Kd3 f5 49. Rb5 Re1 50. gxf5 gxf5 51. Rxf5 1/2-1/2

[Event "Catalunya-chT"]
[Site "Barcelona"]
[Date "2011.02.05"]
[Round "2"]
[White "Alexandrova, Olga"]
[Black "Ayza Ballester, Jordi"]
[Result "1-0"]
[WhiteElo "2381"]
[BlackElo "2213"]
[PlyCount "71"]
[EventDate "2011.01.29"]
[EventType "team-tourn"]
[EventRounds "11"]
[EventCountry "ESP"]
[SourceTitle "EXT 2012"]
[Source "ChessBase"]
[SourceDate "2011.11.24"]
[SourceVersion "1"]
[SourceVersionDate "2011.11.24"]
[SourceQuality "1"]
[WhiteTeam "UGA"]
[BlackTeam "Barcelona"]
[WhiteTeamCountry "ESP"]
[BlackTeamCountry "ESP"]

1. d4 d5 2. c4 dxc4 3. Nf3 Nf6 4. e3 Bg4 5. Bxc4 e6 6. h3 Bh5 7. 0-0 Nbd7 8. Nc3 Bd6 9. e4 Bxf3 10. Qxf3 e5 11. dxe5 Nxe5 12. Qe2 Nxc4 13. Qxc4 0-0 14. f4 Nd7 15. e5 Nb6 16. Qe4 Bc5+ 17. Be3 Bxe3+ 18. Qxe3 Nd5 19. Qc5 Nxc3 20. Qxc3 Re8 21. f5 Qd5 22. Rae1 c5 23. Qg3 Rad8 24. f6 g6 25. Qg5 Qd2 26. Re3 Rd3 27. Rfe1 Rxe3 28. Rxe3 Qd1+ 29. Kf2 Qh5 30. Qxh5 gxh5 31. Rd3 h6 32. Rd5 Rc8 33. Rd7 Re8 34. Re7 Kf8 35. Rxb7 Rxe5 36. Kg3 1-0

[Event "La Pobla de Lillet op 19th"]
[Site "La Pobla de Lillet"]
[Date "2009.08.??"]
[Round "7"]
[White "Ayza Ballester, Jordi"]
[Black "Granero Roca, Antonio"]
[Result "0-1"]
[WhiteElo "2294"]
[BlackElo "2433"]
[PlyCount "104"]
[EventDate "2009.08.02"]
[EventType "swiss"]
[EventRounds "9"]
[EventCountry "ESP"]
[SourceTitle "CBM 131 Extra"]
[Source "ChessBase"]
[SourceDate "2009.09.03"]
[SourceVersion "2"]
[SourceVersionDate "2009.09.16"]
[SourceQuality "1"]

1. e4 c5 2. Nf3 Nc6 3. d4 cxd4 4. Nxd4 g6 5. Nc3 Bg7 6. Be3 Nf6 7. Bc4 0-0 8. Bb3 a5 9. a4 d6 10. h3 Bd7 11. 0-0 Nxd4 12. Bxd4 Bc6 13. Qd3 Nd7 14. Bxg7 Kxg7 15. Qe2 Rc8 16. Kh1 Qb6 17. Ra2 Qb4 18. Bd5 Nf6 19. Bxc6 Rxc6 20. e5 dxe5 21. Qxe5 Rd8 22. Qe3 Re6 23. Qc1 Ne4 24. Nxe4 Rxe4 25. c3 Qc4 26. Ra1 Re2 27. Qg5 Rdd2 28. Qxa5 Qe4 29. b4 Rxf2 30. Rxf2 Rxf2 31. Qg5 Rc2 32. Qg3 Qc6 33. Qe5+ Kh6 34. Qe3+ g5 35. Qg3 Rxc3 36. Qg4 Rc4 37. Qf5 Rf4 38. Qe5 Rf2 39. Rg1 Qf6 40. Qxf6+ exf6 41. Rc1 Rb2 42. b5 Kg6 43. Rc7 Rb4 44. Rxb7 Rxa4 45. Rb8 h5 46. g3 Rb4 47. b6 f5 48. b7 Kg7 49. Kg2 g4 50. h4 Rb2+ 51. Kf1 Kf6 52. Kg1 f4 0-1